TV Shows with Short Titles - Statistics

General Stats
  • This quiz has been taken 61 times
  • The average score is 12 of 20
Answer Stats
Hint Answer % Correct
Plane crash survivors are stranded on a mysterious island Lost
87%
Korean War medics are funny to escape the horrors of war M*A*S*H
79%
Jack Bauer stops all the terrorists in real time 24
77%
Teens in a high school singing club sing pop hits Glee
77%
Las Vegas scientists solve crimes through investigating the scenes of crimes CSI
75%
A mischievous Norse god goes on superhero type adventures Loki
71%
Comedy about New York cabbies featured Christopher Lloyd, Danny DeVito, and Andy Kaufman Taxi
69%
Bad boys, whatcha gonna do when they [the police] come for you? Cops
67%
The vice president deals with the comedic lowlights of the position Veep
67%
Various American emergency services respond to calls for help 9-1-1
65%
A Chicago hospital’s good-looking doctors dole out emergency care ER
65%
Leroy Jethro Gibbs leads a Naval Criminal Investigative Services unit NCIS
65%
A detective solves crimes and overcomes obsessive compulsive disorder Monk
58%
1980s teens go to the New York School of the Performing Arts Fame
56%
Family comedy that served as a vehicle for a red-headed country music star Reba
50%
Master Chief saves humanity from the Covenant and sells X-Boxes Halo
38%
Soldiers Titus Pullo and Lucius Vorenus are awfully influential during the reign of Julius Caesar Rome
38%
Inmates at Oswald State Correctional Facility are rehabilitated with varying degrees of success Oz
35%
Panel show with comedians, interesting facts, and klaxons QI
27%
Time travellin’ German kids bend reality and such Dark
13%
No matching quizzes found
Score Distribution
Percent of People with Each Score
Percentile by Number Answered
Your Score History
You have not taken this quiz